• 首页
  • 本馆介绍
  • 公告通知
  • 最新文献
  • 馆藏检索
  • 电子资源
  • 读者导购
  • 参考咨询
  • 我的图书馆
  • 登录
  • 详细信息显示
  • 放入我的书架
  • 预约/预借图书
  • 作者相关作品
  • 分类相关作品
  • 丛书相关作品
  • 出版社相关作品

书目信息

  • 表格格式
  • 工作单格式
  • 卡片格式
题名:
2023年法律硕士考试一本通
    
 
作者: 岳业鹏, 编著
分册: 2   民法学
出版信息: 北京   中国石化出版社  2022.01
页数: 472页
开本: 26cm
丛书名:
单 册:
中图分类: D9 , D923.04
科图分类:
主题词: 法律--fa lv--硕士生入学考试--自学参考资料 , 民法--min fa--中国--硕士生入学考试--自学参考资料
电子资源:
ISBN: 978-7-5114-6551-1
000 01039nam 2200277 450
001 CAL 012022024869
005 20230308154530.36
010    @a978-7-5114-6551-1@dCNY95.00
100    @a20220927d2022 em y0chiy0120 ea
101 0  @achi
102    @aCN@b110000
105    @ay z 000yy
106    @ar
200 1  @a2023年法律硕士考试一本通@A2023 nian fa lv shuo shi kao shi yi ben tong@h2@i民法学@f岳业鹏编著
210    @a北京@c中国石化出版社@c中国经济出版社@d2022.01
215    @a472页@d26cm
300    @a方圆众合教育 法学/非法学
330    @a本书分为总则、人格权、物权、知识产权、合同、婚姻家庭与继承、侵权责任七编, 内容包括: 民事法律关系、人格权概述、物权通则、知识产权概述、合同通则、婚姻家庭、侵权责任通则等。
517 1  @a民法学@Amin fa xue
606 0  @a法律@Afa lv@x硕士生入学考试@j自学参考资料
606 0  @a民法@Amin fa@y中国@x硕士生入学考试@j自学参考资料
690    @aD9@v5
690    @aD923.04@v5
701  0 @a岳业鹏,@Ayue ye peng@f1985-@4编著
801  0 @aCN@bBJXHXP@c20230308
905    @b1403834-7@dD9@e901:2@f4
    
    2023年法律硕士考试一本通.2.民法学/岳业鹏编著.-北京:中国石化出版社:中国经济出版社,2022.01
    472页;26cm
    方圆众合教育 法学/非法学
    
    ISBN 978-7-5114-6551-1:CNY95.00
    本书分为总则、人格权、物权、知识产权、合同、婚姻家庭与继承、侵权责任七编, 内容包括: 民事法律关系、人格权概述、物权通则、知识产权概述、合同通则、婚姻家庭、侵权责任通则等。
●
相关链接 在E读中查询图书 在五车中查询图书 在当当中查询图书 在豆瓣中查询图书


正题名:2023年法律硕士考试一本通     索取号:D9/901:2         预约/预借

序号 登录号 条形码 馆藏地/架位号 状态 备注
1 1403834   214038343   第一样本阅览室/ [索取号:D9/901:2] 在馆    
2 1403835   214038352   第一借阅区/ [索取号:D9/901:2] 在馆    
3 1403836   214038361   第一借阅区/ [索取号:D9/901:2] 在馆    
4 1403837   214038370   第一借阅区/ [索取号:D9/901:2] 在馆    
唐山师范学院图书馆 欢迎您!
大连网信软件有限公司© 版权所有